| 000 | 00857cam a2200253 a 4500 | ||
|---|---|---|---|
| 999 |
_c126744 _d126744 |
||
| 001 | 473410 | ||
| 003 | ARRUPE | ||
| 005 | 20170824090955.0 | ||
| 008 | 850925s1980 enka 001 0beng | ||
| 010 | _a 83218248 | ||
| 020 |
_a0340258349 (pbk.) : _c£1.95 |
||
| 040 |
_aDLC _cDLC _dDLC |
||
| 043 | _af-ae--- | ||
| 050 | 0 | 0 |
_aBR1720.A9 _bB38 1980 |
| 082 | 0 | 0 |
_a270.2/092/4 _aB _219 |
| 100 | 2 |
_aBentley-Taylor, David. _935136 |
|
| 245 | 1 | 0 |
_aAugustine, wayward genius / _cby David Bentley-Taylor. |
| 260 |
_aLondon : _bHodder and Stoughton, _c1980. |
||
| 300 |
_a272 p. : _bill. ; _c18 cm. |
||
| 500 | _aIncludes indexes. | ||
| 600 | 0 | 0 |
_aAugustine, _cSaint, Bishop of Hippo. _935137 |
| 650 | 0 |
_aChristian saints _zAlgeria _zHippo _vBiography. _935138 |
|
| 906 |
_a7 _bcbc _corignew _d4 _encip _f19 _gy-gencatlg |
||
| 942 |
_2lcc _cMONOGRAPH |
||